000 00507nam a2200181Ia 4500
999 _c14010
_d14010
003 OSt
005 20201028101924.0
008 190216s9999||||xx |||||||||||||| ||und||
020 _a0333923189
040 _coclc
082 _a823
_bBIS/S
100 _aBismillah, Abdul
_96127
245 4 _aThe Song Of The Loom /
_cAbdul Bismillah
260 _bMacmillan India Limited,
_c1996.
_aMadras:
300 _a251p
650 _aEnglish Poetry
942 _cBK
_2ddc
_h823
_iBIS/S
_k823
_mBIS/S